[Event "Reunion op 17th"]
[Site "St Denis"]
[Date "2015.10.10"]
[Round "4"]
[White "Desor, Helmut"]
[Black "Chan Faye, Yoann"]
[Result "1/2-1/2"]
[WhiteElo "1767"]
[BlackElo "1592"]
[PlyCount "26"]
[EventDate "2015.10.10"]
[EventType "swiss"]
[EventRounds "9"]
[EventCountry "RUF"]
[SourceTitle "CBM 168 Extra"]
[Source "ChessBase"]
[SourceDate "2015.10.29"]
[SourceVersion "1"]
[SourceVersionDate "2015.10.29"]
[SourceQuality "1"]

1. e4 c5 2. c4 Nc6 3. Nf3 d6 4. d4 cxd4 5. Nxd4 Nf6 6. Nc3 g6 7. Nxc6 bxc6 8. Qc2 c5 9. Bg5 Bg7 10. Rd1 Qb6 11. b3 Bb7 12. Be2 0-0 13. 0-0 Rfe8 1/2-1/2

[Event "Reunion op 15th"]
[Site "St Denis"]
[Date "2013.10.19"]
[Round "9"]
[White "Chan Faye, Yoann"]
[Black "Artigaud, Laurent"]
[Result "0-1"]
[WhiteElo "1546"]
[BlackElo "1584"]
[PlyCount "120"]
[EventDate "2013.10.12"]
[EventType "swiss"]
[EventRounds "9"]
[EventCountry "RUF"]
[SourceTitle "EXT 2014"]
[Source "ChessBase"]
[SourceDate "2013.11.20"]
[SourceVersion "1"]
[SourceVersionDate "2013.11.20"]
[SourceQuality "1"]

1. e4 c6 2. d4 d5 3. exd5 cxd5 4. c4 Nf6 5. Nc3 Nc6 6. Nf3 Bg4 7. Be2 e6 8. c5 Be7 9. 0-0 0-0 10. h3 Bxf3 11. Bxf3 b6 12. Be3 bxc5 13. dxc5 Rb8 14. Qc2 Qd7 15. Rfd1 Qc7 16. Ne2 Ne5 17. Nd4 Qxc5 18. Qxc5 Bxc5 19. Nxe6 Nxf3+ 20. gxf3 fxe6 21. Bxc5 Rf7 22. b4 a6 23. a4 Nd7 24. Rac1 Rxf3 25. Kg2 Rf7 26. Bd6 Ra8 27. Rc6 Nf6 28. Rdc1 h6 29. f3 Rd7 30. Be5 Kf7 31. Bf4 g5 32. Bd2 Ke7 33. Rb6 Ne8 34. Rcc6 Nc7 35. Rb7 Rc8 36. f4 Kf6 37. Kf3 Kf5 38. Bc1 Kg6 39. Bd2 Kf5 40. fxg5 hxg5 41. Kg3 e5 42. Rbb6 Rf7 43. Rg6 Ke4 44. Rxg5 d4 45. Rg4+ Kd3 46. Be1 Rcf8 47. Kg2 e4 48. Rc6 Nd5 49. Kg3 Ne3 50. Rg5 Rf3+ 51. Kh2 Rh8 52. h4 Ke2 53. Bg3 Nf1+ 54. Kg2 Nxg3 55. Rxg3 d3 56. Rc4 Rxh4 57. Rc3 d2 58. Rgxf3 exf3+ 59. Kg3 d1Q 60. Ra3 Qe1# 0-1

[Event "Reunion op 14th"]
[Site "St Denis"]
[Date "2012.10.10"]
[Round "5"]
[White "Rivolo, Jean Guillaume"]
[Black "Chan Faye, Yoann"]
[Result "1-0"]
[WhiteElo "1486"]
[BlackElo "1532"]
[PlyCount "106"]
[EventDate "2012.10.06"]
[EventType "swiss"]
[EventRounds "9"]
[EventCountry "RUF"]
[SourceTitle "EXT 2013"]
[Source "ChessBase"]
[SourceDate "2012.11.22"]
[SourceVersion "1"]
[SourceVersionDate "2012.11.22"]
[SourceQuality "1"]

1. d4 d5 2. Nf3 Nf6 3. Bg5 e6 4. e3 Be7 5. c4 0-0 6. Nc3 Nbd7 7. Be2 h6 8. Bh4 dxc4 9. Bxc4 Nb6 10. Bb3 c5 11. dxc5 Bxc5 12. 0-0 Be7 13. Qe2 Bd7 14. Rfd1 Qc7 15. Bg3 Qc8 16. Rac1 Bc6 17. Ne5 Rd8 18. Nxc6 bxc6 19. Qf3 Qb7 20. Ne4 Nfd5 21. Nc5 Bxc5 22. Rxc5 Rac8 23. Rcc1 c5 24. Qe2 Rc6 25. Be5 Rdc8 26. e4 Ne7 27. Qg4 Ng6 28. Bc3 c4 29. Bc2 e5 30. Qg3 Qe7 31. a3 Qe6 32. Qe3 Nf4 33. Rd2 Qg4 34. g3 Qh3 35. f3 Ng6 36. Qf2 Qh5 37. Bd1 Qg5 38. Bc2 Nf4 39. Qe1 Rg6 40. Rdd1 h5 41. Bd2 h4 42. g4 h3 43. Qf2 Qf6 44. Be3 c3 45. b3 Qe7 46. Bxf4 exf4 47. a4 Rd6 48. Qe2 Qd7 49. Rd3 Rxd3 50. Bxd3 Qd4+ 51. Kf1 Nd7 52. Qc2 Ne5 53. Be2 Qd2 1-0

[Event "Reunion op 14th"]
[Site "St Denis"]
[Date "2012.10.07"]
[Round "3"]
[White "Genne, Rene"]
[Black "Chan Faye, Yoann"]
[Result "1/2-1/2"]
[WhiteElo "1795"]
[BlackElo "1532"]
[PlyCount "85"]
[EventDate "2012.10.06"]
[EventType "swiss"]
[EventRounds "9"]
[EventCountry "RUF"]
[SourceTitle "EXT 2013"]
[Source "ChessBase"]
[SourceDate "2012.11.22"]
[SourceVersion "1"]
[SourceVersionDate "2012.11.22"]
[SourceQuality "1"]

1. b4 e5 2. Bb2 d6 3. e3 Nf6 4. Be2 Bf5 5. Nf3 Be7 6. 0-0 0-0 7. d3 Nbd7 8. c4 c6 9. Nbd2 Qc7 10. Qb3 Rac8 11. Rfc1 Be6 12. Ng5 Bf5 13. Ngf3 Be6 14. Qd1 d5 15. c5 b6 16. Nb3 Rfd8 17. a3 Bf5 18. cxb6 axb6 19. Nbd2 Re8 20. Qc2 Bd6 21. h3 h6 22. e4 Bh7 23. exd5 Nxd5 24. Qb3 N7f6 25. Nc4 Nf4 26. Bf1 e4 27. Nxd6 Qxd6 28. dxe4 Bxe4 29. Rd1 N6d5 30. Rd2 Qg6 31. Nh4 Qg5 32. Qg3 Qxg3 33. fxg3 Ne6 34. Rad1 Ne3 35. Re1 Nxf1 36. Kxf1 Bd5 37. Nf5 Bc4+ 38. Kf2 Rcd8 39. Red1 Rxd2+ 40. Rxd2 Ng5 41. Nd6 Ne4+ 42. Nxe4 Rxe4 43. Kf3 1/2-1/2

[Event "Reunion op 12th"]
[Site "St Denis"]
[Date "2010.10.14"]
[Round "6"]
[White "Chan Faye, Yoann"]
[Black "Firoaguer, Beatrice"]
[Result "1-0"]
[WhiteElo "1220"]
[BlackElo "1280"]
[PlyCount "85"]
[EventDate "2010.10.09"]
[EventType "swiss"]
[EventRounds "9"]
[EventCountry "RUF"]
[SourceTitle "CBM 138 Extra"]
[Source "ChessBase"]
[SourceDate "2010.10.29"]
[SourceVersion "1"]
[SourceVersionDate "2010.10.29"]
[SourceQuality "1"]

1. d4 e6 2. c4 Nf6 3. Nc3 Be7 4. Bf4 Bb4 5. Qc2 Nc6 6. Nf3 b6 7. a3 Be7 8. Nb5 d6 9. c5 a6 10. cxd6 Bxd6 11. Bxd6 cxd6 12. Qxc6+ Bd7 13. Nc7+ Ke7 14. Qxb6 Qb8 15. Nxa8 Qxb6 16. Nxb6 Bc6 17. e3 d5 18. Bxa6 Rb8 19. Nc8+ Kd8 20. Rc1 Bd7 21. Ne5 Rxb2 22. 0-0 Ne4 23. Nxf7+ Ke8 24. Ncd6+ Nxd6 25. Nxd6+ Ke7 26. Nc8+ Kd8 27. Rb1 Rc2 28. Rfc1 Rd2 29. Kf1 Ba4 30. Ke1 Ra2 31. Nb6 Bd7 32. Nxd7 Rxa3 33. Ra1 Rb3 34. Nc5 Rb8 35. Nxe6+ Ke7 36. Nxg7 Rg8 37. Nf5+ Kf6 38. Rc6+ Kxf5 39. Ra5 Re8 40. Rxd5+ Re5 41. Rxe5+ Kg4 42. f3+ Kh4 43. Rh6# 1-0

[Event "Reunion op 12th"]
[Site "St Denis"]
[Date "2010.10.10"]
[Round "2"]
[White "Chan Faye, Yoann"]
[Black "Noel, Philippe"]
[Result "0-1"]
[WhiteElo "1220"]
[BlackElo "1420"]
[PlyCount "80"]
[EventDate "2010.10.09"]
[EventType "swiss"]
[EventRounds "9"]
[EventCountry "RUF"]
[SourceTitle "CBM 138 Extra"]
[Source "ChessBase"]
[SourceDate "2010.10.29"]
[SourceVersion "1"]
[SourceVersionDate "2010.10.29"]
[SourceQuality "1"]

1. d4 e6 2. c4 d5 3. Nc3 Bb4 4. Qa4+ Nc6 5. c5 Bxc3+ 6. bxc3 Nge7 7. Bf4 Ng6 8. Bg3 0-0 9. e3 Bd7 10. c4 Nxd4 11. Qd1 Nf5 12. cxd5 exd5 13. Qxd5 c6 14. Qf3 Qa5+ 15. Ke2 Rad8 16. Qe4 Be6 17. Qc2 Nxg3+ 18. hxg3 f5 19. Nf3 Qb4 20. Rd1 Bc4+ 21. Qxc4+ Qxc4+ 22. Ke1 Rxd1+ 23. Kxd1 Qa4+ 24. Ke1 Qxa2 25. Nd2 Qa1+ 26. Ke2 Ne5 27. f3 Rd8 28. f4 Ng4 29. Rh5 g6 30. Rg5 Qb2 31. Rxg4 fxg4 32. Kf2 Qxd2+ 33. Kg1 Qxe3+ 34. Kh2 Qf2 35. Bc4+ Kg7 36. f5 Rd2 37. f6+ Kxf6 38. Bf1 Rc2 39. Kh1 Qxf1+ 40. Kh2 Qxg2# 0-1

[Event "Reunion op 12th"]
[Site "St Denis"]
[Date "2010.10.10"]
[Round "3"]
[White "Hoareau, Noe"]
[Black "Chan Faye, Yoann"]
[Result "0-1"]
[WhiteElo "1400"]
[BlackElo "1220"]
[PlyCount "48"]
[EventDate "2010.10.09"]
[EventType "swiss"]
[EventRounds "9"]
[EventCountry "RUF"]
[SourceTitle "CBM 138 Extra"]
[Source "ChessBase"]
[SourceDate "2010.10.29"]
[SourceVersion "1"]
[SourceVersionDate "2010.10.29"]
[SourceQuality "1"]

1. e4 e5 2. Nf3 Nf6 3. Nxe5 Nxe4 4. Qe2 d5 5. d3 f6 6. dxe4 fxe5 7. exd5 Qxd5 8. Nc3 Bb4 9. Bd2 Qc5 10. Ne4 Bxd2+ 11. Qxd2 Qe7 12. Bc4 Be6 13. Be2 0-0 14. Rd1 Nc6 15. 0-0 Rad8 16. Qg5 Qf7 17. Bd3 Bf5 18. Nc5 b6 19. Ne4 Nb4 20. b3 Bxe4 21. Bxe4 Rxd1 22. Rxd1 Qxf2+ 23. Kh1 Qf1+ 24. Rxf1 Rxf1# 0-1

[Event "Reunion op 11th"]
[Site "St Denis"]
[Date "2009.10.11"]
[Round "2"]
[White "Chan Faye, Yoann"]
[Black "Blard, Anthony"]
[Result "0-1"]
[WhiteElo "1080"]
[BlackElo "1340"]
[PlyCount "74"]
[EventDate "2009.10.10"]
[EventType "swiss"]
[EventRounds "9"]
[EventCountry "RUF"]
[SourceTitle "CBM 132 Extra"]
[Source "ChessBase"]
[SourceDate "2009.11.03"]
[SourceVersion "1"]
[SourceVersionDate "2009.11.03"]
[SourceQuality "1"]

1. c4 Nc6 2. Nc3 Nf6 3. g3 d5 4. c5 e6 5. Nf3 Bxc5 6. e3 b6 7. d4 Bb4 8. Rb1 Ne4 9. Qc2 Qf6 10. Qd3 Qxf3 11. Rg1 Qxf2+ 12. Kd1 Qxg1 13. Ke1 Qf2+ 14. Kd1 Qxh2 15. a3 Nf2+ 16. Kd2 Nxd3+ 17. Kxd3 Bxc3 18. bxc3 Ba6+ 19. c4 Bxc4+ 20. Kc3 Bxf1 21. Bd2 Ba6 22. g4 e5 23. Re1 0-0 24. Kc2 exd4 25. exd4 Nxd4+ 26. Kc3 Nf3 27. Rd1 Nxd2 28. Rxd2 Qe5+ 29. Rd4 c5 30. Kb3 Qxd4 31. a4 Rfe8 32. g5 Re3+ 33. Kc2 Qc4+ 34. Kd2 Qd3+ 35. Kc1 Qf1+ 36. Kc2 Qf2+ 37. Kc1 Re1# 0-1